|
|
|
|
| LEADER |
00000naa2a2200000 4500 |
| 001 |
159431 |
| 005 |
20231031155123.0 |
| 035 |
|
|
|a (RuTPU)RU\TPU\book\172922
|
| 090 |
|
|
|a 159431
|
| 100 |
|
|
|a 20090508d2008 k y0rusy50 ca
|
| 101 |
0 |
|
|a rus
|
| 102 |
|
|
|a RU
|
| 200 |
1 |
|
|a Цена банковского кредита
|f А. А. Мезенцева, Н. С. Мациевский
|g науч. рук. Н. С. Мациевский
|
| 320 |
|
|
|a Библиогр.: 7 назв.
|
| 461 |
|
1 |
|0 (RuTPU)RU\TPU\book\166087
|t Энергия молодых - экономике России
|o труды IX Международной научно-практической конференции студентов и молодых ученых, г. Томск, 19-22 мая 2008 г.
|f Томский политехнический университет (ТПУ) ; Вольное экономическое общество России ; Международный союз экономистов (МСЭ)
|d 2008
|
| 463 |
|
0 |
|0 (RuTPU)RU\TPU\book\167192
|t Ч. 2
|v С. 158-160
|d 2008
|
| 610 |
1 |
|
|a кредиты
|
| 610 |
1 |
|
|a банки
|
| 610 |
1 |
|
|a цена
|
| 610 |
1 |
|
|a ценообразование
|
| 610 |
1 |
|
|a кредитные системы
|
| 610 |
1 |
|
|a процентные ставки
|
| 610 |
1 |
|
|a труды учёных ТПУ
|
| 700 |
|
1 |
|a Мезенцева
|b А. А.
|
| 701 |
|
1 |
|a Мациевский
|b Н. С.
|
| 702 |
|
1 |
|a Мациевский
|b Н. С.
|4 727
|
| 801 |
|
1 |
|a RU
|b 63413507
|c 20090508
|g PSBO
|
| 801 |
|
2 |
|a RU
|b 63413507
|c 20161122
|g PSBO
|
| 942 |
|
|
|c BK
|